Seis ratones y seis lechuzas / (Registro nro. 3554)
[ vista simple ]
| 000 -LEADER | |
|---|---|
| fixed length control field | 00986nam a2200253Ia 4500 |
| 003 - CONTROL NUMBER IDENTIFIER | |
| control field | OSt |
| 005 - DATE AND TIME OF LATEST TRANSACTION | |
| control field | 20250710152206.0 |
| 008 - FIXED-LENGTH DATA ELEMENTS--GENERAL INFORMATION | |
| fixed length control field | 191128s1998 ck br 000 f spa d |
| 020 ## - INTERNATIONAL STANDARD BOOK NUMBER | |
| International Standard Book Number | 8420444219 |
| 040 ## - CATALOGING SOURCE | |
| Original cataloging agency | CO-JMCR |
| Transcribing agency | CO-JMCR |
| 041 ## - LANGUAGE CODE | |
| Language code of text/sound track or separate title | spa |
| 082 04 - DEWEY DECIMAL CLASSIFICATION NUMBER | |
| Classification number | N |
| Item number | RECs |
| 100 1# - MAIN ENTRY--PERSONAL NAME | |
| Personal name | Recheis, Käthe, |
| Relator term | autor |
| 9 (RLIN) | 7866 |
| 245 10 - TITLE STATEMENT | |
| Title | Seis ratones y seis lechuzas / |
| Statement of responsibility, etc. | Käthe Recheis ; traductora Cristina Rodríguez Aguilar |
| 250 ## - EDITION STATEMENT | |
| Edition statement | Primera edición |
| 260 ## - PUBLICATION, DISTRIBUTION, ETC. | |
| Place of publication, distribution, etc. | Bogotá : |
| Name of publisher, distributor, etc. | Alfaguara, |
| Date of publication, distribution, etc. | ©1998 |
| 300 ## - PHYSICAL DESCRIPTION | |
| Extent | 66 páginas ; |
| Dimensions | 20 cm. |
| 490 0# - SERIES STATEMENT | |
| Series statement | Alfagura infantil |
| 500 ## - GENERAL NOTE | |
| General note | Recomendado para niños desde 6 años. Datos biográficos |
| 520 ## - SUMMARY, ETC. | |
| Summary, etc. | La mala suerte empezó la tarde en que Toni intentaba portarse mejor que nunca. Pero es difícil ser el mayor y ser siempre responsable, cuando los otros hermanos son aún tan pequeños y tan tontos. |
| 650 14 - SUBJECT ADDED ENTRY--TOPICAL TERM | |
| Topical term or geographic name entry element | Travesuras en la literatura |
| 9 (RLIN) | 7867 |
| 700 ## - ADDED ENTRY--PERSONAL NAME | |
| Personal name | Rodríguez Aguilar, Cristina, |
| Relator term | traductor |
| 9 (RLIN) | 7868 |
| 942 ## - ADDED ENTRY ELEMENTS (KOHA) | |
| Source of classification or shelving scheme | Dewey Decimal Classification |
| Koha item type | Books |
| Withdrawn status | Lost status | Source of classification or shelving scheme | Damaged status | Not for loan | Collection code | Home library | Current library | Date acquired | Source of acquisition | Total Checkouts | Full call number | Barcode | Date last seen | Date last checked out | Copy number | Koha item type |
|---|---|---|---|---|---|---|---|---|---|---|---|---|---|---|---|---|
| Dewey Decimal Classification | Fiction | Biblioteca Pública José María del Castillo y Rada | Biblioteca Pública José María del Castillo y Rada | 11/28/2019 | Donación | 3 | N RECs | 201807418 | 05/17/2024 | 05/17/2024 | Ej.1 | Books |